Biosocialita: Sociálne dôsledky biovedeckého poznania

Koncept biosociality a analýza vplyvu nového genetického poznania na spoločnosť. Vzájomné prepojenie prírody a spoločnosti. Interpretovanie sociálnych štruktúr biologickými kategóriami a vznik nového postdisciplinárneho spoločenského poriadku.

Salvato in:
Dettagli Bibliografici
Autore principale: Tomašovičová, Jana
Natura: Capitolo di libro
Lingua:slovacco
Soggetti:
Tags: Aggiungi Tag
Nessun Tag, puoi essere il primo ad aggiungerne!!

MARC

LEADER 00000naa a2200000 4500
001 0201883
005 20231211125905.5
041 0 |a slo 
044 |a SK 
245 1 0 |a Biosocialita: Sociálne dôsledky biovedeckého poznania  |c Jana Tomašovičová 
520 |a Koncept biosociality a analýza vplyvu nového genetického poznania na spoločnosť. Vzájomné prepojenie prírody a spoločnosti. Interpretovanie sociálnych štruktúr biologickými kategóriami a vznik nového postdisciplinárneho spoločenského poriadku. 
610 2 0 |a filozofia 
610 2 0 |a metódy poznania 
610 2 0 |a smery filozofické 
610 2 0 |a postmodernizmus 
610 2 0 |a vedomie spoločenské 
610 2 0 |a etika 
610 2 0 |a sociobiológia 
100 1 |a Tomašovičová, Jana